Movies Quiz

Random Movies or Letter Quiz

Shawshank Redemption Letter Quiz Stats

Quiz Updated Oct 19, 2016

Challenge
Share
Tweet
View the scene here: http://www.youtube.com/watch?v=9K30e9O3Nng
Score 0/91 Timer 05:00
2 Plays Today
% Correct
a
94.4%
a
94.4%
a
94.4%
I
94.4%
I
94.4%
You
91.3%
you?
91.3%
you
91.3%
you,
91.3%
you
91.3%
the
88.5%
the
88.5%
the
88.5%
the
88.5%
Red,
88.3%
Red:
88.3%
an
83.9%
Dear
83.8%
And
81.8%
and
81.8%
and
81.8%
and
81.8%
to
76.8%
to
76.8%
this,
73%
this
73%
this
73%
Andy.
72%
If
70.9%
if
70.9%
Your
70.7%
% Correct
me
68.8%
friend,
68.5%
be
67.7%
is
65.8%
of
65.1%
of
65.1%
reading
63.1%
remember
62.9%
Remember,
62.9%
you're
62.2%
you're
62.2%
will
62%
Hope
60%
out.
56.9%
out
56.9%
don't
55.4%
name
51.8%
town,
51.3%
come
51.2%
come
51.2%
thing,
49.7%
thing
49.7%
good
48.7%
good
48.7%
good
48.7%
you've
47.9%
you've
47.9%
far,
47.8%
little
47.7%
that
47.6%
letter
47.1%
% Correct
further.
46.7%
maybe
45.9%
maybe
45.9%
no
44.7%
get
44.5%
willing
43%
on
42.8%
well.
42.6%
man
41.2%
best
41.1%
gotten
41.1%
for
40.8%
finds
40.7%
finds
40.7%
my
39.8%
could
37%
help
37%
things,
36.8%
use
31.2%
hoping
29.9%
ever
29.2%
dies.
23.4%
I'll
21.9%
eye
21.6%
keep
21.6%
project
20.3%
ready.
19%
chessboard
16.9%
wheels.
13.5%

You're not logged in!

Compare scores with friends on all Sporcle quizzes.
Sign Up with Email
OR
Log In

You Might Also Like...

Show Comments

Extras

Top Quizzes Today


Score Distribution

Your Account Isn't Verified!

In order to create a playlist on Sporcle, you need to verify the email address you used during registration. Go to your Sporcle Settings to finish the process.